| 000 | 00594nam a22001577a 4500 | ||
|---|---|---|---|
| 003 | OSt | ||
| 005 | 20150915162656.0 | ||
| 008 | 150915b xxu||||| |||| 00| 0 eng d | ||
| 040 | _cRUA | ||
| 082 | _aAGR THE 1999 BOO25 Or.1 | ||
| 100 |
_9545 _aTHEN, RATHMUNY |
||
| 245 | _aScreening rice varieties for resistance to brown planthopper,( ការពិសោធន៍តានដានពូជស្រូវធន់នឹងការបំផ្លាញរបស់សត្វមមាចត្នោត) | ||
| 260 |
_aphnom phen _bRUA _c1999 |
||
| 300 |
_a70p. _bill. _c29cm. |
||
| 942 |
_2ddc _cAGR |
||
| 999 |
_c522 _d522 |
||